|
|
|
|
| LEADER |
00000naa2a2200000 4500 |
| 001 |
127322 |
| 005 |
20231031132206.0 |
| 035 |
|
|
|a (RuTPU)RU\TPU\book\137735
|
| 090 |
|
|
|a 127322
|
| 100 |
|
|
|a 20071213d2007 k y0rusy50 ca
|
| 101 |
0 |
|
|a rus
|
| 102 |
|
|
|a RU
|
| 200 |
1 |
|
|a Переход на техническое обслуживание и ремонт насосного оборудования по состоянию
|f Д. С. Зайченко
|g науч. рук. А. В. Рудаченко
|
| 461 |
|
0 |
|0 (RuTPU)RU\TPU\book\132777
|t Проблемы геологии и освоения недр
|o труды X Международного симпозиума имени академика М. А. Усова студентов и молодых ученых, посвященного 100-летию первого выпуска сибирских инженеров и 110-летию основания ТПУ; г. Томск, 3-8 апреля 2006 г.
|f Томский политехнический университет (ТПУ); Институт геологии и нефтегазового дела; под ред. В. А. Домаренко
|d 2007
|
| 463 |
|
0 |
|0 (RuTPU)RU\TPU\book\132380
|t Т. 2
|v С. 174-176
|d 2007
|p 222 с.
|
| 610 |
1 |
|
|a насосное оборудование
|
| 610 |
1 |
|
|a техническое обслуживание
|
| 610 |
1 |
|
|a ремонт
|
| 610 |
1 |
|
|a диагностические векторы
|
| 610 |
1 |
|
|a труды учёных ТПУ
|
| 700 |
|
1 |
|a Зайченко
|b Д. С.
|
| 702 |
|
1 |
|a Рудаченко
|b А. В.
|c специалист в области нефтегазового дела
|c доцент Томского политехнического университета, кандидат технических наук
|f 1949-
|g Александр Валентинович
|2 stltpush
|4 727
|
| 801 |
|
1 |
|a RU
|b 63413507
|c 20071213
|g PSBO
|
| 801 |
|
2 |
|a RU
|b 63413507
|c 20130513
|g RCR
|
| 942 |
|
|
|c BK
|